000 00555nam a22001817a 4500
005 20251108172719.0
008 250721s2003 xx 000 0 ara d
082 1 4 _a363.73/زين
100 1 _aزيناتي، سحر
_eمؤلف
245 1 0 _aعالم يختنق /
264 1 _aالقاهرة :
_bالمركز العالمي للإستشارات الإستراتيجية،
_c2003.
300 _a200ص
650 1 7 _aالتلوث
650 1 7 _aالمخاطر الصحية
650 1 7 _aمكافحة التلوث
942 _2ddc
_cBK
999 _c86627
_d86627